000
00275nam a2200121Ia 4500
008
190216s9999||||xx |||||||||||||| ||und||
100
_a
Joop J Hox
245
0
_a
Multilevel Analysis 2nd Edn
260
_b
Routledge
_c
2010
300
_a
382
650
_a
Analysis
942
_c
BK
999
_c
32415
_d
32415